Hong Kong Bus Quiz — KMB BBIs - Statistics

General Stats
  • This quiz has been taken 97 times
  • The average score is 20 of 31
Answer Stats
ID Region BBI % Correct
5 NT West / 新界西 Tuen Mun Road BBI / 屯門公路轉車站
92%
26 Kowloon East / 九龍東 Kwun Tong BBI / 觀塘轉車站
89%
25 NT West / 新界西 Tai Lam Tunnel BBI / 大欖隧道轉車站
88%
10 Kowloon East / 九龍東 Eastern Harbour Tunnel BBI / 東隧轉車站
84%
1 Kowloon East / 九龍東 Wong Tai Sin BBI / 黃大仙轉車站
84%
14 Kowloon West / 九龍西 Cross Harbour Tunnel BBI / 紅隧轉車站
83%
15 Kowloon West / 九龍西 Western Harbour Tunnel BBI / 西隧轉車站
83%
28 NT East / 新界東 Sheung Shui BBI / 上水轉車站
80%
3 Kowloon West / 九龍西 Mei Foo BBI / 美孚轉車站
78%
24 NT East / 新界東 Tate's Cairn Tunnel BBI / 大老山隧道轉車站
78%
8 Kowloon Central / 九龍中 Kowloon City BBI / 九龍城轉車站
77%
13 NT West / 新界西 Shing Mun Tunnels BBI / 城門隧道轉車站
77%
4 Kowloon East / 九龍東 Tseung Kwan O Tunnel BBI / 將軍澳隧道轉車站
77%
30 NT East / 新界東 Kwong Fuk Road BBI / 廣福道轉車站
72%
19 Kowloon West / 九龍西 Tsim Sha Tsui BBI / 尖沙咀轉車站
70%
16 Kowloon East / 九龍東 Choi Hung BBI / 彩虹轉車站
67%
23 NT East / 新界東 Tsing Sha Highway BBI / 青沙公路轉車站
66%
29 Kowloon East / 九龍東 Po Tat BBI / 寶達轉車站
64%
22 NT West / 新界西 Lantau Link BBI / 青嶼幹線轉車站
61%
12 Kowloon East / 九龍東 Tseung Kwan O - Lam Tin Tunnel BBI / 將藍隧道轉車站
56%
9 NT East / 新界東 Fanling Highway BBI / 粉嶺公路轉車站
55%
18 NT East / 新界東 Tai Wai BBI / 大圍轉車站
52%
11 NT West / 新界西 Tai Wo Hau BBI / 大窩口轉車站
52%
17 Kowloon East / 九龍東 Ngau Chi Wan BBI / 牛池灣轉車站
50%
6 NT East / 新界東 Shek Mun BBI / 石門轉車站
50%
31 NT West / 新界西 Tsing Yi BBI / 青衣轉車站
45%
21 NT West / 新界西 Tuen Mun Chek Lap Kok Tunnel BBI / 屯赤隧道轉車站
44%
27 NT East / 新界東 Wah Ming BBI / 華明轉車站
44%
7 NT East / 新界東 Fanling Station BBI / 粉嶺站轉車站
39%
2 Kowloon East / 九龍東 Kai Tak Tunnel BBI / 啟德隧道轉車站
39%
20 NT West / 新界西 Po Tin BBI / 寶田轉車站
31%
No matching quizzes found
Score Distribution
Percent of People with Each Score
Percentile by Number Answered
Your Score History
You have not taken this quiz